HISTORIA DEL IMPERIO BIZANTINO

Salvato in:
Dettagli Bibliografici
Autore principale: Roth, Karl (autor)
Natura: Libro
Tags: Aggiungi Tag
Nessun Tag, puoi essere il primo ad aggiungerne!!

MARC

LEADER 00000nam^a2200000^a^4500
001 000211915
005 20250521000000.0
009 20260310103437.363
035 |a 027198 
037 |a Acervo Xavier Clavigero 
082 |a 925.  |b ROT 
100 |a Roth, Karl  |e (autor) 
245 1 0 |a HISTORIA DEL IMPERIO BIZANTINO 
264 |a BARCELONA :  |b LABOR, S.A.,  |c 1943 
336 |a texto  |b txt  |2 rdacontenido 
337 |a sin mediación  |b n  |2 rdamedio 
338 |a volumen  |b nc  |2 rdasoporte 
649 |a XX 
910 |a Fondo General 
920 |a Impresos - Libros 
930 |a Colección General 
905 |a 101 
901 |a 027198  |b IT1  |c ACC  |i 027198  |u 20250521 
902 |a https://opac.biblio.iteso.mx/vufind/Record/000211915